[Event "ICS rated blitz match"]
[Site "204.178.125.65"]
[Date "2001.01.14"]
[Round "?"]
[White "Hossa"]
[Black "ZChess"]
[Result "1/2-1/2"]
[WhiteElo "2579"]
[BlackElo "2722"]
[PlyCount "161"]
[EventDate "2001.??.??"]

1. e4 e6 2. d4 d5 3. Nc3 Nf6 4. e5 Nfd7 5. f4 c5 6. Nf3 Nc6 7. Be3 cxd4 8. Nxd4
Bc5 9. Qd2 O-O 10. Bb5 Nxd4 11. Bxd4 Qb6 12. O-O-O a6 13. Be2 Qc6 14. Bxc5 Nxc5
15. g4 Bd7 16. h4 f6 17. exf6 Rxf6 18. f5 Na4 19. Rh3 Re8 20. Nxa4 Qxa4 21. Ra3
Qc6 22. Bf3 Rd8 23. Rd3 Qa4 24. Kb1 Rf7 25. Qg5 Rc8 26. R1d2 h6 27. Qe3 Re8 28.
Qc5 Bc6 29. fxe6 Rxe6 30. Qg1 Qf4 31. Bxd5 Bxd5 32. Rxd5 Qf1+ 33. Rd1 Qxg1 34.
Rxg1 Rf2 35. g5 Rg2 36. Rdd1 Rxg1 37. Rxg1 hxg5 38. hxg5 Kh7 39. b3 Kg6 40. Rd1
Kxg5 41. Rd7 Kf6 42. Rxb7 g5 43. Rb8 g4 44. Kc1 Kg5 45. Rg8+ Kf4 46. Rf8+ Ke3
47. Rg8 Kf3 48. Rf8+ Kg2 49. b4 g3 50. Kd2 Kg1 51. c4 g2 52. b5 Rg6 53. bxa6
Rxa6 54. Rg8 Ra3 55. Ke2 Rc3 56. Rg4 Kh2 57. Kf2 Rc2+ 58. Kf3 g1=N+ 59. Ke3
Rc3+ 60. Kd4 Ne2+ 61. Kd5 Rd3+ 62. Ke5 Kh3 63. Rg8 Ra3 64. c5 Ra5 65. Kd6 Nd4
66. c6 Nb5+ 67. Kc5 Na7+ 68. Kb6 Nxc6 69. Kxc6 Rxa2 70. Kd6 Ra1 71. Ke6 Rb1 72.
Kf6 Ra1 73. Kg6 Rb1 74. Kh6 Ra1 75. Kh7 Rb1 76. Kh8 Ra1 77. Kg7 Rb1 78. Kh7 Ra1
79. Kg7 Rb1 80. Kh7 Ra1 81. Kg7 {Game drawn by repetition} 1/2-1/2

[Event "ICS rated blitz match"]
[Site "204.178.125.65"]
[Date "2001.01.14"]
[Round "?"]
[White "armenjan"]
[Black "Hossa"]
[Result "0-1"]
[WhiteElo "2196"]
[BlackElo "2585"]
[PlyCount "81"]
[EventDate "2001.??.??"]

1. d4 d5 2. Nf3 Nf6 3. c4 e6 4. Nc3 c6 5. Bg5 Nbd7 6. e3 Be7 7. Qc2 h6 8. Bh4
Bb4 9. Nd2 b6 10. cxd5 exd5 11. Bd3 g5 12. Bg3 Nh5 13. O-O Nxg3 14. hxg3 Nf6
15. a3 Be7 16. Rad1 O-O 17. e4 dxe4 18. Ndxe4 Re8 19. Bc4 Nd5 20. Rfe1 Be6 21.
Bb3 a6 22. Nxd5 Bxd5 23. Bxd5 Qxd5 24. Nc3 Qd7 25. d5 Rac8 26. d6 Bf6 27. Ne4
Bg7 28. g4 Ra8 29. f3 c5 30. Rd5 Re6 31. b4 Bd4+ 32. Kf1 Rc8 33. bxc5 bxc5 34.
Qc4 Rc6 35. Rd1 Rxe4 36. fxe4 Rxd6 37. Rf5 Qb5 38. Rxd4 Rxd4 39. Qxb5 axb5 40.
Rxc5 b4 41. Rd5 {armenjan resigns} 0-1

[Event "ICS rated blitz match"]
[Site "204.178.125.65"]
[Date "2001.01.14"]
[Round "?"]
[White "Hossa"]
[Black "ZChess"]
[Result "0-1"]
[WhiteElo "2588"]
[BlackElo "2723"]
[PlyCount "140"]
[EventDate "2001.??.??"]

1. e4 e6 2. d4 d5 3. Nc3 Nf6 4. e5 Nfd7 5. f4 c5 6. Nf3 Nc6 7. Be3 cxd4 8. Nxd4
Bc5 9. Qd2 O-O 10. Bb5 Nxd4 11. Bxd4 Bxd4 12. Qxd4 Nb8 13. O-O Bd7 14. Bd3 Nc6
15. Qf2 f6 16. exf6 Rxf6 17. g3 Qa5 18. a3 Ne5 19. Be2 Rc8 20. Rfd1 Rf7 21. Qe3
Nc4 22. Bxc4 Rxc4 23. Rab1 Rf6 24. Rd2 Rh6 25. Rbd1 Bc6 26. Rf2 Rf6 27. Qd2 Qc5
28. Re1 a5 29. Re5 b6 30. f5 Rxf5 31. Rexf5 exf5 32. Qg5 g6 33. Qd8+ Kg7 34.
Qc7+ Kh6 35. Qd8 b5 36. Qxa5 d4 37. Ne2 Rxc2 38. Qd8 Rd2 39. b4 Qe5 40. Qf8+
Kh5 41. g4+ Kxg4 42. h3+ Kg5 43. Qd8+ Kh6 44. Qf8+ Qg7 45. Qd6 Rd1+ 46. Rf1
Rxf1+ 47. Kxf1 d3 48. Qxd3 Qe5 49. Qd2+ Kg7 50. Qd4 Qxd4 51. Nxd4 Bd7 52. Kg2
g5 53. Nb3 f4 54. Nc5 Bc6+ 55. Kf2 Kf6 56. Nd3 h5 57. h4 Bd5 58. Kg1 Kf5 59.
hxg5 Kxg5 60. Nc5 Kg4 61. a4 Kf3 62. Nd3 bxa4 63. b5 Kg3 64. b6 a3 65. Nc1 f3
66. Kf1 Bc4+ 67. Ke1 f2+ 68. Kd2 f1=Q 69. b7 Qg2+ 70. Kc3 Qxb7 {Hossa resigns}
0-1

[Event "ICS rated blitz match"]
[Site "204.178.125.65"]
[Date "2001.01.14"]
[Round "?"]
[White "gambitmaster"]
[Black "Hossa"]
[Result "1-0"]
[WhiteElo "2547"]
[BlackElo "2578"]
[PlyCount "99"]
[EventDate "2001.??.??"]

1. d4 Nf6 2. c4 g6 3. Nc3 d5 4. cxd5 Nxd5 5. e4 Nxc3 6. bxc3 Bg7 7. Nf3 c5 8.
Rb1 O-O 9. Be2 b6 10. O-O Bb7 11. Qd3 Ba6 12. Qe3 cxd4 13. cxd4 Bxe2 14. Qxe2
Qc7 15. Ba3 Nc6 16. Rfc1 Qb7 17. d5 Ne5 18. Nxe5 Bxe5 19. Rc6 Rfc8 20. Rbc1
Rxc6 21. dxc6 Qc7 22. h3 Bf4 23. Rc2 Bh2+ 24. Kf1 Be5 25. Bb4 Rd8 26. Bc3 Bf4
27. Bb2 Bd6 28. Bd4 Ba3 29. Qd3 Bc5 30. Be5 Qc8 31. Qb5 a6 32. Qa4 f6 33. c7
Rf8 34. Bf4 e5 35. Be3 Qxc7 36. Qxa6 Kh8 37. Kg1 Qb8 38. Bh6 Rc8 39. a4 Qa8 40.
Qb5 Rd8 41. a5 Qxe4 42. Rxc5 bxc5 43. Qb6 Rf8 44. Qd6 Qb1+ 45. Kh2 Qb8 46. Qe7
e4+ 47. g3 Rf7 48. Qxf7 Qxg3+ 49. Kxg3 e3 50. Bg7# {Hossa checkmated} 1-0

[Event "ICS rated blitz match"]
[Site "204.178.125.65"]
[Date "2001.01.14"]
[Round "?"]
[White "ZChess"]
[Black "Hossa"]
[Result "1-0"]
[WhiteElo "2734"]
[BlackElo "2561"]
[PlyCount "115"]
[EventDate "2001.??.??"]

1. d4 d5 2. c4 e6 3. Nc3 Nf6 4. cxd5 exd5 5. Bg5 Bb4 6. Nf3 h6 7. Bh4 g5 8. Bg3
Ne4 9. Nd2 Nxc3 10. bxc3 Bxc3 11. Rc1 Ba5 12. e3 Nd7 13. h4 Nf6 14. hxg5 Ne4
15. Bxc7 Bxc7 16. Bb5+ Bd7 17. Bxd7+ Qxd7 18. Nxe4 dxe4 19. gxh6 Qb5 20. Qe2
Qxe2+ 21. Kxe2 Rc8 22. f3 exf3+ 23. Kxf3 Rh7 24. g4 Rh8 25. h7 Kf8 26. Rc3 Ke7
27. Rh5 a6 28. Ke4 Kf6 29. Kd3 Ke6 30. e4 f6 31. Rcc5 b6 32. Rc6+ Kf7 33. Rh1
Kg6 34. e5 Rxh7 35. Rxf6+ Kg7 36. Rxh7+ Kxh7 37. Rc6 Kh8 38. Ke4 Rg8 39. Rxc7
Rxg4+ 40. Kd5 Kg8 41. e6 Kf8 42. Ke5 Rh4 43. d5 Rh2 44. d6 Rh5+ 45. Ke4 Rh4+
46. Kd5 Rh2 47. Rc8+ Kg7 48. e7 Rh5+ 49. Ke6 Rh6+ 50. Kd7 Kf6 51. Rf8+ Ke5 52.
e8=Q+ Kd5 53. Rf5+ Kd4 54. Qe5+ Kc4 55. Qf4+ Kd3 56. Qg3+ Ke2 57. Rf2+ Kd1 58.
Qg1# {Hossa checkmated} 1-0

[Event "ICS rated blitz match"]
[Site "204.178.125.65"]
[Date "2001.01.14"]
[Round "?"]
[White "Hossa"]
[Black "ChesterX"]
[Result "0-1"]
[WhiteElo "2552"]
[BlackElo "2670"]
[PlyCount "80"]
[EventDate "2001.??.??"]

1. d4 d5 2. c4 c6 3. Nf3 e6 4. Qc2 Nf6 5. g3 dxc4 6. Qxc4 b5 7. Qc2 Bb7 8. Bg2
Nbd7 9. a4 c5 10. dxc5 bxa4 11. c6 Bxc6 12. Qxc6 Rc8 13. Qb5 Rxc1+ 14. Kd2 Rc4
15. Ke1 Qc7 16. e3 Rb4 17. Qd3 Rxb2 18. Nbd2 Bb4 19. Ke2 e5 20. Rhc1 Qb7 21.
Qc4 Bxd2 22. Nxd2 Qxg2 23. Qc3 Rb8 24. Rxa4 O-O 25. Rxa7 Ng4 26. Rf1 Ndf6 27.
h3 Qxh3 28. Qc6 e4 29. Qc5 Rfd8 30. Qc7 Qh5 31. Qa5 Ne5+ 32. g4 Qxg4+ 33. f3
exf3+ 34. Kd1 Rb1+ 35. Kc2 Qf5+ 36. e4 Rxd2+ 37. Kxb1 Qxe4+ 38. Ka1 Qd4+ 39.
Qc3 Qxc3+ 40. Kb1 Qb2# {Hossa checkmated} 0-1

[Event "ICS rated blitz match"]
[Site "204.178.125.65"]
[Date "2001.01.14"]
[Round "?"]
[White "slawik"]
[Black "Hossa"]
[Result "0-1"]
[WhiteElo "2244"]
[BlackElo "2541"]
[PlyCount "48"]
[EventDate "2001.??.??"]

1. d4 Nf6 2. Bg5 g6 3. Nc3 d5 4. Qd2 h6 5. Bf4 Nh5 6. Be3 Bg7 7. O-O-O c6 8. f3
Na6 9. g4 Nf6 10. h4 h5 11. gxh5 Nxh5 12. Bh3 Bxh3 13. Nxh3 Ng3 14. Rdg1 Nxh1
15. Rxh1 Rxh4 16. Bg5 Rxd4 17. Qe3 Rc4 18. Nf4 Bd4 19. Qd2 Qb6 20. Nd3 Nb4 21.
Nxb4 Qxb4 22. e3 Bxc3 23. bxc3 Qa3+ 24. Kd1 O-O-O {slawik resigns} 0-1

[Event "ICS rated blitz match"]
[Site "204.178.125.65"]
[Date "2001.01.15"]
[Round "?"]
[White "Hossa"]
[Black "monsoon"]
[Result "1-0"]
[WhiteElo "2546"]
[BlackElo "2552"]
[PlyCount "54"]
[EventDate "2001.??.??"]

1. d4 d5 2. c4 c6 3. Nf3 Nf6 4. Nc3 e6 5. e3 Nbd7 6. Bd3 dxc4 7. Bxc4 b5 8. Bd3
a6 9. O-O Bb7 10. e4 c5 11. d5 Qc7 12. dxe6 fxe6 13. Ng5 Qc6 14. Re1 Be7 15.
Bf4 e5 16. Be3 c4 17. Bc2 O-O 18. Nd5 Bd6 19. Qf3 Kh8 20. Ne6 Rfe8 21. Qh3 b4
22. Red1 a5 23. Ng5 Bf8 24. Qf5 g6 25. Qf3 Bg7 26. Nxf6 Nxf6 27. Rd6 Qc7 {
monsoon resigns} 1-0

[Event "ICS rated blitz match"]
[Site "204.178.125.65"]
[Date "2001.01.15"]
[Round "?"]
[White "Hossa"]
[Black "monsoon"]
[Result "1/2-1/2"]
[WhiteElo "2562"]
[BlackElo "2543"]
[PlyCount "101"]
[EventDate "2001.??.??"]

1. d4 Nf6 2. c4 e6 3. Nc3 Bb4 4. Qc2 c5 5. dxc5 O-O 6. a3 Bxc5 7. Nf3 b6 8. Bg5
Bb7 9. e4 h6 10. Bh4 Be7 11. Rd1 Na6 12. Bd3 Ng4 13. Bxe7 Qxe7 14. h3 Nf6 15.
e5 Ne8 16. Bh7+ Kh8 17. Be4 Nc5 18. Bxb7 Nxb7 19. O-O d6 20. Qe2 Kg8 21. b4
dxe5 22. Nxe5 Ned6 23. Rd4 Rac8 24. Rfd1 Rfd8 25. Qg4 f6 26. Ng6 Qf7 27. Nb5
Nxb5 28. cxb5 Rxd4 29. Rxd4 Rc3 30. a4 f5 31. Qf4 Qxg6 32. Rd7 Rxh3 33. Rxb7
Ra3 34. Rxa7 Ra1+ 35. Kh2 Qh5+ 36. Kg3 e5 37. Rxg7+ Kh8 38. Qxe5 f4+ 39. Qxf4
Ra3+ 40. f3 Kxg7 41. Qd4+ Kh7 42. Qd7+ Kg8 43. Qd8+ Kf7 44. Qd7+ Kf6 45. Qd6+
Kf7 46. Qc7+ Kf8 47. Qd6+ Kg7 48. Qd4+ Kf8 49. Qd6+ Kg7 50. Qd4+ Kf8 51. Qd6+ {
Game drawn by repetition} 1/2-1/2

[Event "ICS rated blitz match"]
[Site "204.178.125.65"]
[Date "2001.01.15"]
[Round "?"]
[White "Amateur"]
[Black "Hossa"]
[Result "1/2-1/2"]
[WhiteElo "2606"]
[BlackElo "2561"]
[PlyCount "205"]
[EventDate "2001.??.??"]

1. e4 e5 2. Nf3 Nc6 3. Bb5 a6 4. Ba4 Nf6 5. O-O Be7 6. Re1 b5 7. Bb3 O-O 8. c3
d6 9. h3 Nb8 10. d4 Nbd7 11. dxe5 dxe5 12. Bg5 Bb7 13. Nbd2 Qc8 14. Qe2 Rd8 15.
Rad1 c5 16. c4 Bc6 17. Nh4 Nb6 18. Nf5 Qc7 19. Qe3 bxc4 20. Nxc4 Rxd1 21. Rxd1
Nxc4 22. Bxc4 Ba4 23. b3 Bb5 24. Nxe7+ Qxe7 25. Bxf6 gxf6 26. Bd5 Rc8 27. a4
Bc6 28. Rd3 Bxd5 29. exd5 e4 30. Qe2 Rd8 31. Rg3+ Kf8 32. Qe3 Rxd5 33. Qh6+ Ke8
34. Qxh7 Qe5 35. Qg8+ Ke7 36. Qg4 Rd2 37. Re3 f5 38. Qg5+ Ke6 39. Qh6+ Kd7 40.
Re1 Qd4 41. Rf1 Qd6 42. Qg5 Ke6 43. Qg8 Kf6 44. Qh8+ Kg6 45. Qc8 f6 46. h4 Qd5
47. Qe8+ Qf7 48. h5+ Kg7 49. Qxf7+ Kxf7 50. Rc1 Rd5 51. Rc4 Kg7 52. b4 cxb4 53.
Rxb4 Kh6 54. f3 exf3 55. gxf3 Kxh5 56. Kf2 Kg5 57. Ke3 Rc5 58. f4+ Kg4 59. Rb6
a5 60. Ra6 Rc4 61. Rxa5 Rxf4 62. Ra7 Re4+ 63. Kf2 f4 64. Rg7+ Kf5 65. a5 Ra4
66. Ra7 Ra2+ 67. Kf3 Ra3+ 68. Kg2 Ke4 69. Ra8 Ra2+ 70. Kg1 f3 71. a6 Ke3 72.
Re8+ Kf4 73. Ra8 Kg3 74. Rg8+ Kh4 75. Ra8 Kg5 76. Kf1 f5 77. Kg1 Kf6 78. Rh8
Ke5 79. Rh6 Kf4 80. Re6 Kg5 81. Rc6 Rg2+ 82. Kf1 Kf4 83. Rc4+ Kg3 84. Rc7 Rf2+
85. Kg1 Ra2 86. Rg7+ Kf4 87. a7 Ke5 88. Re7+ Kd4 89. Kf1 f4 90. Rf7 Ke4 91.
Re7+ Kf5 92. Rf7+ Ke5 93. Re7+ Kf6 94. Re4 Kf5 95. Re7 Kg6 96. Rd7 Kh6 97. Rf7
Kg5 98. Kg1 Kg4 99. Kf1 Ra1+ 100. Kf2 Ra2+ 101. Kf1 Ra1+ 102. Kf2 Ra2+ 103. Kf1
{Game drawn by repetition} 1/2-1/2

[Event "ICS rated blitz match"]
[Site "204.178.125.65"]
[Date "2001.01.15"]
[Round "?"]
[White "Hossa"]
[Black "Amateur"]
[Result "1-0"]
[WhiteElo "2563"]
[BlackElo "2604"]
[PlyCount "127"]
[EventDate "2001.??.??"]

1. d4 Nf6 2. Nf3 e6 3. Bf4 b6 4. e3 Bb7 5. Bd3 c5 6. O-O Be7 7. dxc5 Bxc5 8.
Nc3 O-O 9. Nb5 Nc6 10. Bc7 Qe7 11. c3 Nd5 12. b4 Nxc3 13. Nxc3 Nxb4 14. Bg3
Bxf3 15. gxf3 Rfc8 16. Rc1 d5 17. Bb1 Qf6 18. Qe2 h6 19. Nb5 a6 20. Nd6 Rcb8
21. a3 Nc6 22. a4 Ne5 23. f4 Nd7 24. e4 Bxd6 25. e5 Bxe5 26. fxe5 Qd8 27. Qd3
Nf8 28. Qd4 b5 29. Bd3 bxa4 30. Qxa4 a5 31. Bh4 Qd7 32. Qxd7 Nxd7 33. f4 Rb7
34. Rb1 Rc7 35. Bf2 a4 36. Rfc1 Rxc1+ 37. Rxc1 a3 38. Bd4 a2 39. Kf2 f6 40.
exf6 Nxf6 41. Bg6 Kh8 42. Ba1 h5 43. Rc6 Ne4+ 44. Bxe4 dxe4 45. Rxe6 Rc8 46.
Re7 Rc2+ 47. Ke3 Rg2 48. Ra7 h4 49. f5 h3 50. Be5 Kg8 51. Kxe4 Re2+ 52. Kd5
Rd2+ 53. Ke6 Rg2 54. Ra8+ Kh7 55. Ra3 Kg8 56. Ra7 Kh7 57. f6 Rg6 58. Rxg7+ Rxg7
59. fxg7 a1=Q 60. Bxa1 Kg8 61. Bf6 Kh7 62. Kf7 Kh6 63. g8=Q Kh5 64. Qg5# {
Amateur checkmated} 1-0

[Event "ICS rated blitz match"]
[Site "204.178.125.65"]
[Date "2001.01.15"]
[Round "?"]
[White "PostModernist"]
[Black "Hossa"]
[Result "0-1"]
[WhiteElo "2554"]
[BlackElo "2581"]
[PlyCount "134"]
[EventDate "2001.??.??"]

1. e4 e5 2. Bc4 Nf6 3. d3 Nc6 4. Nc3 Bb4 5. Nf3 d6 6. h3 Bxc3+ 7. bxc3 O-O 8.
O-O Na5 9. Bb3 Bd7 10. Qe2 Nxb3 11. cxb3 Qe7 12. Bg5 Bb5 13. Nh4 Qe6 14. a4 Bc6
15. Nf5 d5 16. Bxf6 Qxf6 17. Rfe1 dxe4 18. dxe4 Bd7 19. Ne3 Qg5 20. Qf3 Rfd8
21. a5 c6 22. Rad1 Be6 23. b4 g6 24. Kh2 b6 25. g4 bxa5 26. bxa5 Bb3 27. Rb1
Rab8 28. c4 Rd3 29. Red1 Qd8 30. Rxd3 Qxd3 31. Qh1 f6 32. Rc1 Kh8 33. Qf3 Rf8
34. g5 f5 35. exf5 Rxf5 36. Qxc6 Rxf2+ 37. Ng2 Rf8 38. Qc7 Kg8 39. Qxa7 Bxc4
40. Qe7 Qd5 41. Rc2 Bf1 42. a6 Rf7 43. Qe8+ Kg7 44. a7 Rxa7 45. Rf2 Rf7 46.
Rxf7+ Qxf7 47. Qxe5+ Kg8 48. Nf4 Bb5 49. Qd4 Qd7 50. Qc3 Qf5 51. Qf6 Qxf6 52.
gxf6 Bc4 53. Ng2 Kf7 54. Ne3 Be6 55. Nc2 Kxf6 56. Nd4 g5 57. Nxe6 Kxe6 58. Kg3
Kf5 59. Kf3 h5 60. Ke3 Ke5 61. Kf3 Kd4 62. Ke2 Ke4 63. Kf2 Kf4 64. Kg2 Ke3 65.
Kg3 h4+ 66. Kg2 Ke2 67. Kg1 Kf3 {PostModernist resigns} 0-1

[Event "ICS rated blitz match"]
[Site "204.178.125.65"]
[Date "2001.01.15"]
[Round "?"]
[White "Hossa"]
[Black "PostModernist"]
[Result "1/2-1/2"]
[WhiteElo "2596"]
[BlackElo "2539"]
[PlyCount "332"]
[EventDate "2001.??.??"]

1. d4 d5 2. c4 c6 3. Nf3 dxc4 4. e3 Be6 5. Qc2 Nf6 6. Nbd2 b5 7. b3 cxb3 8.
axb3 g6 9. Bd3 Bh6 10. Ba3 O-O 11. O-O Re8 12. Ne5 Ng4 13. Nxg4 Bxg4 14. Bc5 a5
15. h3 Be6 16. Ba3 Bg7 17. Bb2 Bd7 18. Rfc1 Na6 19. Bc3 b4 20. Bb2 e5 21. dxe5
Bxe5 22. Ne4 Nc7 23. Bxe5 Rxe5 24. Nc5 Bc8 25. Be4 Qf6 26. Bd3 Qe7 27. Na4 Bd7
28. Nc5 Be8 29. Be2 Nb5 30. Nd3 Rd5 31. Bf3 Rdd8 32. Nc5 Nc3 33. Ne4 Nxe4 34.
Bxe4 Rd6 35. Rd1 Rxd1+ 36. Rxd1 Qe6 37. Rd4 Rc8 38. Rd2 h5 39. Rd1 h4 40. Bf3
f5 41. Be2 Qe7 42. Ba6 Rd8 43. Bd3 Kg7 44. Qb2+ Qf6 45. Qb1 Bf7 46. Rc1 Bd5 47.
Be2 Qg5 48. Bf1 Ra8 49. Qc2 Kg8 50. Qd1 Kh7 51. Ra1 Qf6 52. Rc1 f4 53. e4 Bxe4
54. Qd7+ Kh6 55. Qb7 Re8 56. Qd7 Re5 57. Qd4 Bd5 58. Rc5 f3 59. Kh2 Rf5 60.
Qxf6 Rxf6 61. Bc4 Rd6 62. Bxd5 Rxd5 63. Rxc6 Rd3 64. Rc5 Rxb3 65. Rxa5 Rb2 66.
Kg1 Rb1+ 67. Kh2 fxg2 68. Kxg2 b3 69. Ra4 g5 70. Ra6+ Kg7 71. Rb6 b2 72. Kf3
g4+ 73. Kg2 gxh3+ 74. Kh2 Kf7 75. f4 Kg7 76. Rb3 Kg6 77. Rb5 Kf6 78. f5 Kg5 79.
Rb6 Kxf5 80. Rb5+ Ke4 81. Rb3 Kd4 82. Rb8 Kc4 83. Rb7 Kc3 84. Rc7+ Kb4 85. Rb7+
Ka3 86. Ra7+ Kb3 87. Rb7+ Kc4 88. Rc7+ Kd5 89. Rb7 Kd6 90. Rb8 Ke5 91. Rb5+ Kf6
92. Rb8 Ke6 93. Rb5 Ke7 94. Rb3 Kf7 95. Rb5 Kf8 96. Rb7 Kg8 97. Rb8+ Kg7 98.
Rb7+ Kf8 99. Rb5 Kf7 100. Rb8 Kg6 101. Rb5 Kh6 102. Rb7 Kh5 103. Rb6 Kg5 104.
Rb4 Kg6 105. Rb5 Re1 106. Rxb2 Re3 107. Rb8 Kf5 108. Rh8 Kg4 109. Rg8+ Kf4 110.
Rf8+ Kg5 111. Rg8+ Kh5 112. Rh8+ Kg5 113. Rg8+ Kf6 114. Rg4 Kf5 115. Rb4 Rg3
116. Rxh4 Rf3 117. Rh5+ Kg4 118. Re5 Rf2+ 119. Kh1 Rf1+ 120. Kh2 Rf4 121. Kh1
Rf2 122. Re4+ Kf3 123. Re1 Rd2 124. Rf1+ Kg3 125. Rg1+ Rg2 126. Rf1 Rh2+ 127.
Kg1 Rc2 128. Kh1 Kh4 129. Rf4+ Kg5 130. Rf3 Kg4 131. Rf1 Kg3 132. Rg1+ Kh4 133.
Rf1 Rb2 134. Rf4+ Kg3 135. Rf1 Rb4 136. Rg1+ Kh4 137. Rf1 Rb5 138. Rf4+ Kg3
139. Rf1 Rb2 140. Rg1+ Kf3 141. Rf1+ Kg4 142. Rg1+ Kh4 143. Rf1 Kg5 144. Rg1+
Kh5 145. Rf1 Ra2 146. Rf5+ Kh4 147. Rf4+ Kg3 148. Rf1 Ra8 149. Rg1+ Kh4 150.
Rf1 Ra7 151. Rf4+ Kg3 152. Rf1 Ra2 153. Rg1+ Kf3 154. Rf1+ Kg4 155. Rg1+ Kf4
156. Rf1+ Kg5 157. Rg1+ Kh4 158. Rf1 Ra3 159. Rf4+ Kg3 160. Rf1 Rb3 161. Rg1+
Kh4 162. Rf1 Kg4 163. Rg1+ Kf3 164. Rf1+ Ke2 165. Rf4 Rb6 166. Re4+ Kf2 {
Game drawn by the 50 move rule} 1/2-1/2

[Event "ICS rated blitz match"]
[Site "204.178.125.65"]
[Date "2001.01.15"]
[Round "?"]
[White "PostModernist"]
[Black "Hossa"]
[Result "1-0"]
[WhiteElo "2542"]
[BlackElo "2593"]
[PlyCount "107"]
[EventDate "2001.??.??"]

1. e4 e5 2. Bc4 Nf6 3. d3 Nc6 4. Nc3 Bb4 5. Bg5 Bxc3+ 6. bxc3 Na5 7. Bb3 Nxb3
8. cxb3 d5 9. Nf3 Bg4 10. h3 dxe4 11. hxg4 exf3 12. Qxf3 Qd5 13. Bxf6 Qxf3 14.
gxf3 gxf6 15. Rh6 Ke7 16. Ke2 Rag8 17. Rah1 Rg7 18. Ke3 c6 19. Ke4 b6 20. d4
exd4 21. cxd4 a5 22. Kd3 Rg6 23. Rxh7 Rxh7 24. Rxh7 f5 25. gxf5 Rg1 26. Rh6
Rd1+ 27. Ke3 Kd7 28. Rf6 Re1+ 29. Kf4 Re7 30. Kg5 a4 31. bxa4 Kc7 32. Kh6 Re2
33. Rxf7+ Kd6 34. Rb7 Rxa2 35. Rxb6 Ra3 36. f6 Rxf3 37. Kg7 Rxf2 38. f7 Rg2+
39. Kf8 Kc7 40. a5 Rd2 41. Rb3 Ra2 42. a6 Rxa6 43. Ke7 Ra2 44. Rf3 Re2+ 45. Kf6
Re4 46. f8=Q Kd7 47. Kg5 Re2 48. Rf7+ Ke6 49. Re7+ Kd5 50. Rxe2 Kc4 51. Qc5+
Kb3 52. Re7 Ka4 53. Qb6 c5 54. Ra7# {Hossa checkmated} 1-0

[Event "ICS Rated standard match"]
[Site "204.178.125.65"]
[Date "2001.01.15"]
[Round "?"]
[White "Hossa"]
[Black "Colossus"]
[Result "1-0"]
[WhiteElo "2317"]
[BlackElo "2534"]
[PlyCount "106"]
[EventDate "2001.??.??"]

1. e4 e5 2. Nf3 Nf6 3. Nxe5 d6 4. Nf3 Nxe4 5. d4 Be7 6. Bd3 Nf6 7. O-O O-O 8.
Re1 Nbd7 9. c4 Re8 10. Nc3 c6 11. Bf4 Nf8 12. d5 Ng6 13. Bxg6 fxg6 14. c5 dxc5
15. d6 Bf8 16. Qb3+ Kh8 17. Rxe8 Nxe8 18. Ng5 Nxd6 19. Nce4 c4 20. Qf3 Kg8 21.
Nxd6 Bxd6 22. Bxd6 Be6 23. Qf4 Bd5 24. Re1 Qf6 25. Qxf6 gxf6 26. Ne4 Bxe4 27.
Rxe4 Rd8 28. Bb4 Rd1+ 29. Re1 Rxe1+ 30. Bxe1 Kf7 31. f4 Ke6 32. Kf2 b5 33. Bb4
Kd5 34. Bc3 f5 35. Kf3 c5 36. a3 Ke6 37. h3 h5 38. Kg3 Ke7 39. Kh4 Ke6 40. Kg5
Kf7 41. h4 b4 42. axb4 cxb4 43. Bxb4 Kg7 44. Bc3+ Kf7 45. Kh6 a6 46. Kg5 Ke8
47. Kxg6 Ke7 48. Kxf5 Kf7 49. Kg5 a5 50. f5 Ke7 51. Kg6 Kd6 52. f6 a4 53. f7
Ke7 {Colossus resigns} 1-0

[Event "ICS rated standard match"]
[Site "204.178.125.65"]
[Date "2001.01.15"]
[Round "?"]
[White "Colossus"]
[Black "Hossa"]
[Result "1-0"]
[WhiteElo "2509"]
[BlackElo "2342"]
[PlyCount "137"]
[EventDate "2001.??.??"]

1. Nf3 Nf6 2. Nc3 d5 3. e3 e6 4. Bb5+ c6 5. Be2 Bd6 6. d4 b6 7. O-O a5 8. Bd3
Ba6 9. Re1 b5 10. e4 b4 11. e5 bxc3 12. bxc3 Ne4 13. exd6 Bxd3 14. Qxd3 Qxd6
15. c4 Na6 16. cxd5 cxd5 17. Qb5+ Qd7 18. Qxa5 Qc6 19. Ba3 f6 20. Reb1 Nc7 21.
Qb4 Kf7 22. Qe7+ Kg8 23. Rb2 Re8 24. Qb4 Rc8 25. Qb7 Qxb7 26. Rxb7 Kf7 27. Rab1
Kg6 28. R1b2 Rhg8 29. g3 Kh5 30. h3 g5 31. Bb4 g4 32. hxg4+ Kxg4 33. Ne1 Ng5
34. a4 Kf5 35. a5 e5 36. Bd6 Ne8 37. Bb8 Rc4 38. dxe5 fxe5 39. a6 Ra4 40. a7
Nf6 41. c3 Rc8 42. Bxe5 Kxe5 43. f4+ Kf5 44. fxg5 Ne4 45. g4+ Kxg5 46. Rb8 Rxc3
47. a8=Q Rxa8 48. Rxa8 Kxg4 49. Rf8 Rc1 50. Rg2+ Kh4 51. Rf4+ Kh5 52. Kf1 Rd1
53. Rf3 Kh4 54. Rg7 Ng5 55. Rf5 h6 56. Ke2 Ra1 57. Rxd5 Kg4 58. Rg6 Kh5 59. Rf6
Ra7 60. Nd3 Ra8 61. Ke3 Re8+ 62. Kf4 Re7 63. Kf5 Rh7 64. Nf4+ Kh4 65. Rd3 Rh8
66. Ng6+ Kh5 67. Nxh8 Nf3 68. Rxf3 Kh4 69. Rxh6# {Hossa checkmated} 1-0

[Event "ICS rated bullet match"]
[Site "204.178.125.65"]
[Date "2001.01.15"]
[Round "?"]
[White "Hossa"]
[Black "Good-Boy"]
[Result "0-1"]
[WhiteElo "2509"]
[BlackElo "2859"]
[PlyCount "108"]
[EventDate "2001.??.??"]

1. Nf3 Nf6 2. Nc3 d5 3. e3 e6 4. Bb5+ c6 5. Be2 Bd6 6. d4 O-O 7. Bd3 Nbd7 8.
Ne2 e5 9. dxe5 Nxe5 10. Nxe5 Bxe5 11. O-O Bd7 12. c4 Qc7 13. f4 Bd6 14. cxd5
Nxd5 15. Bd2 Qb6 16. Qc2 Nxe3 17. Bxh7+ Kh8 18. Bxe3 Qxe3+ 19. Kh1 g6 20. Bxg6
fxg6 21. Qxg6 Qe6 22. Qh5+ Kg7 23. Rf3 Be8 24. Rg3+ Bg6 25. Rd1 Bxf4 26. Rd7+
Rf7 27. Rxg6+ Qxg6 28. Qxg6+ Kxg6 29. Rxf7 Kxf7 30. Nxf4 Rd8 31. h4 Rd1+ 32.
Kh2 Rd2 33. b3 Rxa2 34. Nd3 Rd2 35. Nc5 b6 36. Na6 c5 37. Nc7 Rb2 38. Nb5 a5
39. Nd6+ Ke6 40. Ne4 Rxb3 41. g4 a4 42. Ng5+ Kd5 43. Kg2 a3 44. Nh3 Rxh3 45.
Kxh3 a2 46. g5 c4 47. Kg4 c3 48. g6 a1=Q 49. g7 Qg1+ 50. Kf5 c2 51. g8=R Qxg8
52. Kf6 c1=Q 53. Ke7 Qc7+ 54. Kf6 Qcf7# {Hossa checkmated} 0-1

[Event "ICS rated bullet match"]
[Site "204.178.125.65"]
[Date "2001.01.15"]
[Round "?"]
[White "Good-Boy"]
[Black "Hossa"]
[Result "1-0"]
[WhiteElo "2863"]
[BlackElo "2505"]
[PlyCount "119"]
[EventDate "2001.??.??"]

1. d4 d5 2. c4 c6 3. Nf3 dxc4 4. e3 Be6 5. Ne5 b5 6. a4 f6 7. Nf3 g5 8. axb5
cxb5 9. b3 Nc6 10. bxc4 bxc4 11. Nfd2 Bf7 12. Ra6 Qd7 13. Qa4 Rc8 14. Ba3 e5
15. Bxf8 Kxf8 16. dxe5 fxe5 17. Bxc4 Bxc4 18. Nxc4 Qd3 19. Qa3+ Qxa3 20. Nbxa3
Nge7 21. O-O Nd5 22. Nxe5 Nxe5 23. Ra5 Nc3 24. Rxe5 Ne2+ 25. Kh1 h6 26. Re6 Rh7
27. Nb5 Rb8 28. Nd6 a5 29. Nf5 Rbb7 30. Ra1 Ra7 31. Rc6 Ra8 32. Rc2 Nf4 33.
exf4 gxf4 34. Rca2 Rd7 35. Ra4 Rad8 36. h3 h5 37. Rxa5 Rd2 38. f3 R8d5 39. R1a4
Rxa5 40. Rxa5 Kf7 41. Nh4 Rb2 42. Rxh5 Ke6 43. Ng6 Rb4 44. Rh4 Kf5 45. Rxf4+
Rxf4 46. Nxf4 Kxf4 47. h4 Ke5 48. g4 Kf6 49. f4 Kf7 50. h5 Kg7 51. g5 Kh8 52.
h6 Kh7 53. f5 Kh8 54. f6 Kh7 55. f7 Kg6 56. f8=Q Kh5 57. h7 Kg4 58. h8=Q Kg3
59. Qh2+ Kg4 60. Qff4# {Hossa checkmated} 1-0

[Event "ICS rated bullet match"]
[Site "204.178.125.65"]
[Date "2001.01.15"]
[Round "?"]
[White "Hossa"]
[Black "Good-Boy"]
[Result "1/2-1/2"]
[WhiteElo "2501"]
[BlackElo "2867"]
[PlyCount "183"]
[EventDate "2001.??.??"]

1. e4 c5 2. c3 d5 3. exd5 Qxd5 4. d4 Nf6 5. Nf3 Bg4 6. Nbd2 Nc6 7. Bc4 Bxf3 8.
Qxf3 Qxf3 9. Nxf3 cxd4 10. Nxd4 Nxd4 11. cxd4 e6 12. Bf4 Bb4+ 13. Ke2 O-O 14.
Rac1 Rfd8 15. a3 Ba5 16. Be5 Bb6 17. Rhd1 Ng4 18. Rc2 Rac8 19. Rd3 Nxe5 20.
dxe5 Rd4 21. Bb3 Rxc2+ 22. Bxc2 Rxd3 23. Bxd3 Bd4 24. b4 Bxe5 25. g3 f5 26. Kd2
Kf7 27. f4 Bd4 28. Be2 Kf6 29. Bf3 b6 30. Bc6 e5 31. fxe5+ Kxe5 32. Ke2 g5 33.
a4 Bc3 34. b5 Kd4 35. Bd7 f4 36. Kf3 Bd2 37. Ke2 Kc3 38. Bf5 h6 39. Bg4 Be3 40.
Kf1 Bd4 41. Bd1 Kd2 42. Bf3 Ke3 43. Kg2 Bc5 44. Bg4 Bb4 45. Bf3 Be1 46. Bg4 Bc3
47. Bf3 Bf6 48. Bg4 Bb2 49. Bf3 Bc3 50. Bg4 Bf6 51. Bf3 Be7 52. Bc6 h5 53. Bd5
Bf6 54. Bc6 g4 55. gxf4 Kxf4 56. Bd7 h4 57. Be6 g3 58. hxg3+ hxg3 59. Bf7 Bc3
60. Bd5 Be5 61. Bc6 Bd6 62. Bb7 Bb8 63. Bf3 Bc7 64. Bh5 Be5 65. Bf7 Bd4 66. Bd5
Bf2 67. Bf7 Bc5 68. Bd5 Bd4 69. Bc6 Bb2 70. Bd5 Bc3 71. Bc6 Be1 72. Bd5 Bb4 73.
Bc6 Ba3 74. Bf3 Bc1 75. Bc6 Bd2 76. Bd5 Be1 77. Be6 Ke4 78. Bf7 Ke3 79. Bd5 Bf2
80. Bf7 Kf4 81. Bd5 Bc5 82. Bf3 Ba3 83. Bc6 Be7 84. Bf3 Bf6 85. Bb7 Bg7 86. Bd5
Bb2 87. Bb7 Bf6 88. Bf3 Bd8 89. Bd1 Bf6 90. Bf3 Bd8 91. Bd1 Bf6 92. Bf3 {
Game drawn by repetition} 1/2-1/2